=LDR 00000nam 2200000 4500 =001 000392 =005 20250710031830 =035 ##$$a 0010-0725000254 =007 ta =008 250710################a##########0#ind## =020 ##$$a 978-623-307-390-5 =082 ##$$a 398.209 598 =084 ##$$a 398.209 598 VAR a =100 #$$a Varma vinayak =245 1#$$a Aqila : $b Si pemarah /$c Vinayak Varma =250 ##$$a Cetakan pertama =260 ##$$a Rawamangun :$b Badan pengembangan dan pusat bahasa,$c 2022 =300 ##$$a 16 hlm. : $b Ilus. ; $c 21 cm. =990 ##$$a TBM01160116